| 000 | 00392nam a22001697a 4500 | ||
|---|---|---|---|
| 005 | 20160702094219.0 | ||
| 008 | 160702b xxu||||| |||| 00| 0 eng d | ||
| 020 | _a978-81-272-1178-8 | ||
| 041 | _aeng | ||
| 082 | _b20810 | ||
| 100 |
_aSingh Amar _93434 |
||
| 245 | _aFruit physilogy & production | ||
| 260 |
_bKalyani _c2012 |
||
| 300 | _a488 | ||
| 650 |
_aAgriculture _92837 |
||
| 942 | _cBK | ||
| 999 |
_c5134 _d5132 |
||